[Event "BL 0607 SV Mülheim Nord - SC Kreuzberg"]
[Site "?"]
[Date "2007.03.31"]
[Round "14.1"]
[White "Socko, Bartosz"]
[Black "Tregubov, Pavel V"]
[Result "1-0"]
[WhiteElo "2630"]
[BlackElo "2596"]
[PlyCount "143"]
[EventDate "2007.??.??"]

1. e4 c5 2. Nf3 Nc6 3. d4 cxd4 4. Nxd4 Nf6 5. Nc3 e5 6. Ndb5 d6 7. Nd5 Nxd5 8.
exd5 Nb8 9. c4 Be7 10. Be2 O-O 11. O-O a6 12. Nc3 Bf5 13. Be3 Nd7 14. b4 Bg5
15. Qd2 Bxe3 16. Qxe3 Rc8 17. Rac1 b6 18. f4 Re8 19. g4 exf4 20. Qxf4 Bg6 21.
Qxd6 Re3 22. c5 bxc5 23. Bxa6 Ra8 24. Bb5 cxb4 25. Nd1 Qg5 26. Bxd7 Rc3 27.
Rxc3 bxc3 28. Qc6 Rd8 29. Nxc3 h5 30. Kh1 hxg4 31. d6 g3 32. Bh3 Qh6 33. Qg2
Rxd6 34. Rd1 Rxd1+ 35. Nxd1 Bh5 36. Qa8+ Kh7 37. Qe4+ Bg6 38. Qg4 Bh5 39. Qe4+
Bg6 40. Qg2 Bh5 41. Qc2+ g6 42. Qb3 Bxd1 43. Qxf7+ Kh8 44. Qf6+ Kh7 45. Qe7+
Kh8 46. Qd8+ Kh7 47. Qd7+ Kh8 48. Qd4+ Kh7 49. Kg2 Qh5 50. hxg3 Bf3+ 51. Kh2
Bc6 52. Qa7+ Kh6 53. Qe3+ Kh7 54. Qe7+ Kh6 55. Qf8+ Kh7 56. Qf7+ Kh6 57. Qf4+
Qg5 58. Qxg5+ Kxg5 59. Kg1 Kf6 60. Kf2 Ke5 61. Ke3 g5 62. Bf1 Ba4 63. Bc4 Kf5
64. Bb3 Be8 65. a4 Ke5 66. a5 Bb5 67. Ba2 Bf1 68. Bf7 Ba6 69. Bg6 Kd5 70. Bd3
Bc8 71. a6 Kc6 72. a7 1-0

[Event "BL 0607 SV Mülheim Nord - SC Kreuzberg"]
[Site "?"]
[Date "2007.03.31"]
[Round "14.2"]
[White "Landa, Konstantin"]
[Black "Kalinitschew, Sergey"]
[Result "1-0"]
[WhiteElo "2570"]
[BlackElo "2471"]
[PlyCount "91"]
[EventDate "2007.??.??"]

1. e4 c6 2. d4 d5 3. e5 c5 4. dxc5 e6 5. a3 Nc6 6. Nf3 Bxc5 7. b4 Bb6 8. Bd3
Nge7 9. O-O Ng6 10. Bb2 O-O 11. Nbd2 f5 12. Nb3 a6 13. Re1 Qe7 14. c4 dxc4 15.
Bxc4 Nh4 16. Rc1 Nxf3+ 17. Qxf3 Bd7 18. Rcd1 Rad8 19. Rd6 Bc8 20. Nc5 Bxc5 21.
bxc5 Rde8 22. Bxa6 bxa6 23. Qxc6 Bb7 24. Qd7 Qxd7 25. Rxd7 Bd5 26. Rd6 Rb8 27.
Bd4 Rb3 28. Rc1 Rd3 29. Bc3 Rc8 30. Be1 Rxa3 31. c6 Rb3 32. c7 Kf7 33. Rxa6 f4
34. Rd6 Kg6 35. Rd7 h6 36. f3 Rb2 37. h4 h5 38. Bc3 Rb3 39. Bd2 Kf5 40. Rxg7
Kxe5 41. Rg5+ Kd4 42. Bxf4 Kd3 43. Rxh5 Rb4 44. Bd6 Rb6 45. Bg3 Rb2 46. Rg5 1-0

[Event "BL 0607 SV Mülheim Nord - SC Kreuzberg"]
[Site "?"]
[Date "2007.03.31"]
[Round "14.4"]
[White "Fridman, Daniel"]
[Black "Volke, Karsten"]
[Result "1-0"]
[WhiteElo "2604"]
[BlackElo "2478"]
[PlyCount "119"]
[EventDate "2007.??.??"]

1. d4 Nf6 2. Nf3 e6 3. c4 b6 4. g3 Ba6 5. Qc2 Bb7 6. Bg2 c5 7. d5 exd5 8. cxd5
Nxd5 9. O-O Be7 10. Rd1 Nc6 11. Qf5 Nf6 12. e4 g6 13. Qf4 O-O 14. e5 Nh5 15.
Qh6 Nd4 16. Nxd4 Bxg2 17. Kxg2 cxd4 18. Rxd4 Rc8 19. Nc3 Rc5 20. Qe3 Ng7 21.
Rd5 d6 22. Rxc5 bxc5 23. Qe4 dxe5 24. Qxe5 Ne6 25. Bh6 Bf6 26. Qe4 Re8 27. Rd1
Nd4 28. Qd5 Qe7 29. Rd3 Nf5 30. Bf4 h5 31. Qd7 Bd4 32. Qxe7 Rxe7 33. b3 Re1 34.
Nb5 a6 35. Nxd4 Nxd4 36. Rd2 Ra1 37. h4 Re1 38. Bd6 Ne6 39. Rc2 Ra1 40. Be5 Rd1
41. Kf3 Kf8 42. Rc4 Ke7 43. Ra4 f6 44. Bf4 g5 45. Be3 Kd6 46. Ke4 gxh4 47.
Rxa6+ Kd7 48. gxh4 Rh1 49. Kf5 Nd4+ 50. Bxd4 cxd4 51. Ra4 Rxh4 52. f4 Rh2 53.
Rxd4+ Kc6 54. Kxf6 Rxa2 55. f5 Ra6 56. Kg7 Kc5 57. Rd3 h4 58. f6 Ra1 59. Rf3
Rg1+ 60. Kh7 1-0

[Event "BL 0607 SV Mülheim Nord - SC Kreuzberg"]
[Site "?"]
[Date "2007.03.31"]
[Round "14.5"]
[White "Loeffler, Stefan"]
[Black "Levin, Felix"]
[Result "0-1"]
[WhiteElo "2448"]
[BlackElo "2513"]
[PlyCount "76"]
[EventDate "2007.??.??"]

1. Nf3 d5 2. d4 Nf6 3. c4 dxc4 4. Nc3 c6 5. a4 Na6 6. e4 Bg4 7. Bxc4 Bxf3 8.
gxf3 e6 9. Bg5 Be7 10. Rg1 O-O 11. e5 Ne8 12. f4 Nb4 13. Qb3 Kh8 14. O-O-O Nc7
15. Ne4 Ncd5 16. Qg3 Rg8 17. Nd6 Qf8 18. Bxe7 Qxe7 19. Qh4 f6 20. Rg3 g5 21.
exf6 Qxd6 22. fxg5 Qf4+ 23. Qxf4 Nxf4 24. Re1 b5 25. axb5 cxb5 26. Bxb5 Rab8
27. Re5 Rgc8+ 28. Kb1 Ng6 29. Bd7 Rd8 30. Rb5 Rxb5 31. Bxb5 Rxd4 32. Kc1 a6 33.
Be8 Nf4 34. Re3 Kg8 35. f7+ Kf8 36. f3 Nbd5 37. Rb3 Ne2+ 38. Kb1 Nb4 0-1

[Event "BL 0607 SV Mülheim Nord - SC Kreuzberg"]
[Site "?"]
[Date "2007.03.31"]
[Round "14.6"]
[White "Saltaev, Mihail"]
[Black "Richter, Michael"]
[Result "1/2-1/2"]
[WhiteElo "2512"]
[BlackElo "2396"]
[PlyCount "86"]
[EventDate "2007.??.??"]

1. e4 c5 2. Nf3 Nc6 3. Bc4 g6 4. d4 cxd4 5. Nxd4 Bg7 6. Nb3 a6 7. a4 Nf6 8. Nc3
O-O 9. O-O Na5 10. Nxa5 Qxa5 11. Re1 d6 12. h3 b5 13. Bb3 Bb7 14. Nd5 e6 15.
Bd2 Qd8 16. Nxf6+ Bxf6 17. c3 Qb6 18. Bh6 Rfd8 19. Qf3 Bg7 20. Be3 Qc7 21. a5
Qe7 22. Bb6 Rf8 23. Qe2 Rac8 24. Rad1 g5 25. Rd3 Be5 26. Bd4 Bxd4 27. Rxd4 Rc5
28. Red1 Re5 29. Qh5 Bxe4 30. Rxd6 Bg6 31. Qf3 Re1+ 32. Kh2 Rxd1 33. Qxd1 Qc7
34. g3 Qxa5 35. Qd2 h6 36. h4 gxh4 37. Qxh6 hxg3+ 38. fxg3 Qa1 39. Bxe6 Qxb2+
40. Rd2 Qb1 41. Rf2 Qe4 42. Rf6 Qe2+ 43. Kg1 Qe1+ 1/2-1/2

[Event "BL 0607 SV Mülheim Nord - SC Kreuzberg"]
[Site "?"]
[Date "2007.03.31"]
[Round "14.7"]
[White "Glienke, Manfred Dr"]
[Black "Hausrath, Daniel"]
[Result "0-1"]
[WhiteElo "2316"]
[BlackElo "2529"]
[PlyCount "97"]
[EventDate "2007.??.??"]

1. d4 Nf6 2. Nf3 g6 3. Bf4 Bg7 4. e3 O-O 5. Be2 d6 6. h3 c5 7. O-O cxd4 8. exd4
Qb6 9. Nbd2 Nd5 10. Nc4 Qc7 11. Bd2 Nc6 12. a4 e5 13. c3 Re8 14. Na3 exd4 15.
cxd4 Bf5 16. Bc4 Nf6 17. Nb5 Qd7 18. Bf4 Ne4 19. Bd5 a6 20. Nc3 Nb4 21. Bxe4
Bxe4 22. Nxe4 Rxe4 23. Bd2 Nc6 24. Bc3 d5 25. Qd3 Rae8 26. b4 Nd8 27. b5 Ne6
28. bxa6 Nf4 29. Qd2 bxa6 30. Kh2 Ne2 31. Bb2 Qd6+ 32. Kh1 h6 33. Rfe1 Nf4 34.
Ne5 Ne6 35. f3 Rxe1+ 36. Rxe1 Rb8 37. Bc3 Bf8 38. Ng4 h5 39. Ne5 Kg7 40. Nd3
Qg3 41. Qf2 Qxf2 42. Nxf2 Rb3 43. Rc1 Ba3 44. Rc2 Rb1+ 45. Kh2 Bd6+ 46. g3 h4
47. f4 hxg3+ 48. Kxg3 Nxf4 49. Bd2 0-1

[Event "BL 0607 SV Mülheim Nord - SC Kreuzberg"]
[Site "?"]
[Date "2007.03.31"]
[Round "14.8"]
[White "Schebler, Gerhard"]
[Black "Figura, Atila Gajo"]
[Result "1/2-1/2"]
[WhiteElo "2535"]
[BlackElo "2400"]
[PlyCount "93"]
[EventDate "2007.??.??"]

1. Nf3 Nf6 2. g3 g6 3. b3 d5 4. Bb2 Bg7 5. c4 c6 6. Bg2 O-O 7. O-O Bg4 8. Qc2
Nbd7 9. d3 Bxf3 10. Bxf3 e5 11. Nd2 Re8 12. Rac1 Qe7 13. cxd5 cxd5 14. e4 dxe4
15. dxe4 Bh6 16. Rfd1 Nb6 17. Qc5 Qe6 18. Qa5 Rad8 19. Rb1 Rd3 20. Be2 Rxd2 21.
Rxd2 Bxd2 22. Qxd2 Nxe4 23. Qe3 Nd6 24. Rd1 Nf5 25. Qc5 Qc6 26. Qxc6 bxc6 27.
Kf1 f6 28. Rc1 Ne7 29. Bf3 Rc8 30. Ba3 Ned5 31. Bc5 f5 32. Bxb6 Nxb6 33. Bxc6
Kf8 34. b4 a6 35. Rc5 Ke7 36. Bb7 Rxc5 37. bxc5 Na4 38. c6 Kd6 39. Bxa6 Kxc6
40. Bc4 g5 41. Bg8 h6 42. Bh7 Nc3 43. a3 Nb1 44. Bxf5 Nxa3 45. Bd3 Kd5 46. Ke2
e4 47. Ba6 1/2-1/2

[Event "BL 0607 SF Katernberg - SK König-Tegel"]
[Site "?"]
[Date "2007.03.31"]
[Round "14.2"]
[White "L'Ami, Erwin"]
[Black "Stern, Rene"]
[Result "1/2-1/2"]
[WhiteElo "2584"]
[BlackElo "2476"]
[PlyCount "125"]
[EventDate "2007.??.??"]

1. d4 Nf6 2. c4 e6 3. g3 d5 4. Bg2 dxc4 5. Nf3 c5 6. O-O Nc6 7. Qa4 cxd4 8.
Nxd4 Qxd4 9. Bxc6+ Bd7 10. Rd1 Qxd1+ 11. Qxd1 Bxc6 12. Nd2 b5 13. a4 Be7 14.
axb5 Bxb5 15. Nxc4 O-O 16. b3 Rfd8 17. Qc2 Rdc8 18. Ba3 Bxa3 19. Rxa3 Rc7 20.
Qa2 Bxc4 21. bxc4 h6 22. f3 Rac8 23. Ra4 a5 24. g4 Nd7 25. Kf2 Nb6 26. Rxa5
Rxc4 27. h4 Nd7 28. h5 R4c5 29. Ra6 Nf8 30. Qd2 R5c6 31. Ra2 e5 32. Ra7 Re8 33.
Qd5 Rf6 34. Kg3 Nh7 35. Qd7 Rf8 36. Qa4 Re6 37. Kf2 Nf6 38. Kg3 Rfe8 39. Qb5
R6e7 40. Rxe7 Rxe7 41. Qb8+ Re8 42. Qc7 Re6 43. Kh4 Re8 44. Kg3 Re6 45. Qc8+
Re8 46. Qf5 Re6 47. Kf2 Nh7 48. Ke1 Nf8 49. Qe4 g5 50. hxg6 Nxg6 51. Kf2 Kg7
52. e3 Rf6 53. Kg3 Re6 54. Qa8 Rf6 55. Qa1 Kg8 56. Qh1 Kg7 57. Qh5 Re6 58. Qf5
Rf6 59. Qe4 Re6 60. Qc4 Kg8 61. f4 exf4+ 62. exf4 Nxf4 63. Qxf4 1/2-1/2

[Event "BL 0607 SF Katernberg - SK König-Tegel"]
[Site "?"]
[Date "2007.03.31"]
[Round "14.3"]
[White "Muse, Mladen"]
[Black "Chuchelov, Vladimir"]
[Result "1/2-1/2"]
[WhiteElo "2443"]
[BlackElo "2539"]
[PlyCount "118"]
[EventDate "2007.??.??"]

1. Nf3 Nf6 2. g3 d5 3. Bg2 e6 4. O-O Be7 5. d3 c5 6. c4 Nc6 7. Nc3 d4 8. Na4 h6
9. e3 e5 10. exd4 exd4 11. Re1 O-O 12. Bf4 Bd6 13. Ne5 Nxe5 14. Bxe5 Ng4 15.
Bxd6 Qxd6 16. h3 Nf6 17. a3 Rb8 18. b4 b6 19. Qd2 Bf5 20. bxc5 bxc5 21. Rab1
Qc7 22. Rb5 Rxb5 23. cxb5 Rb8 24. Bc6 Bxh3 25. Nxc5 Rxb5 26. Bxb5 Qxc5 27. Bc4
Qc6 28. f4 Kh7 29. Qe2 Bc8 30. Bxf7 Bb7 31. Kh2 Ng4+ 32. Kh3 Ne3 33. f5 Nxf5
34. Qe4 Qxe4 35. dxe4 Ne3 36. Bd5 Ba6 37. Bb3 Kg6 38. Rc1 Bf1+ 39. Kh2 d3 40.
Rc6+ Kg5 41. Rd6 Be2 42. Kg1 Ng4 43. Bc4 Ne5 44. Rd5 Kf6 45. Rd6+ Kg5 46. Bb5
h5 47. Kf2 Ng4+ 48. Ke1 Ne5 49. Rd5 Kf6 50. Kd2 Ke6 51. Kc3 g5 52. Rd8 h4 53.
gxh4 gxh4 54. Rh8 Bf1 55. Rh6+ Ke7 56. a4 a6 57. Rh5 Kd6 58. Rh6+ Ke7 59. Rh5
Kd6 1/2-1/2

[Event "BL 0607 SF Katernberg - SK König-Tegel"]
[Site "?"]
[Date "2007.03.31"]
[Round "14.4"]
[White "Glek, Igor V"]
[Black "Muse, Drazen"]
[Result "1-0"]
[WhiteElo "2538"]
[BlackElo "2412"]
[PlyCount "107"]
[EventDate "2007.??.??"]

1. e4 c5 2. Nc3 e6 3. Nf3 a6 4. g3 Ne7 5. Bg2 Nec6 6. O-O Be7 7. d4 cxd4 8.
Nxd4 Nxd4 9. Qxd4 O-O 10. Be3 Nc6 11. Qb6 Ne5 12. Qxd8 Rxd8 13. Bb6 Rf8 14. b3
d6 15. Rad1 Bd7 16. f4 Ng4 17. h3 Rac8 18. Rd3 Nf6 19. e5 Ne8 20. exd6 Nxd6 21.
Ne4 Nxe4 22. Rxd7 Bc5+ 23. Bxc5 Nxc5 24. Rd6 Rc7 25. Rfd1 g6 26. c4 a5 27. Rb6
Ra8 28. a3 Kf8 29. Rb5 Ke7 30. b4 axb4 31. axb4 Na4 32. Ra1 Rxc4 33. Rxb7+ Kf6
34. b5 Rd8 35. Ra7 Nb6 36. Rb7 Na4 37. Ra7 Nb6 38. R7a6 Rd6 39. Bc6 Nd5 40. Rd1
Rc3 41. Bxd5 Rxa6 42. bxa6 exd5 43. Ra1 Rc8 44. a7 Ra8 45. g4 Ke6 46. Ra6+ Kd7
47. Kf2 d4 48. Ke2 Kc8 49. Kd3 Kb7 50. Rf6 Kxa7 51. Rxf7+ Kb6 52. Kxd4 Kc6 53.
Ke5 h5 54. Kf6 1-0

[Event "BL 0607 SF Katernberg - SK König-Tegel"]
[Site "?"]
[Date "2007.03.31"]
[Round "14.5"]
[White "Tomczak, Rainer"]
[Black "Senff, Martin"]
[Result "0-1"]
[WhiteElo "2323"]
[BlackElo "2449"]
[PlyCount "98"]
[EventDate "2007.??.??"]

1. e4 c5 2. Nf3 d6 3. c4 e5 4. d3 g6 5. g3 Bg7 6. Bg2 Ne7 7. O-O O-O 8. Nc3
Nbc6 9. Ne1 Be6 10. Be3 Qd7 11. Qd2 Nd4 12. Nd5 f5 13. f4 fxe4 14. dxe4 exf4
15. Bxf4 Bg4 16. Nd3 Ne2+ 17. Kh1 Nxf4 18. N3xf4 Rad8 19. h3 Be6 20. Nxe6 Qxe6
21. Nxe7+ Qxe7 22. Rae1 Be5 23. Kh2 Kg7 24. Bf3 Qh4 25. Qf2 Qf6 26. Kg2 Bd4 27.
Qe2 Qe5 28. b3 h5 29. h4 Rf6 30. Rd1 Rdf8 31. Qd2 Kh7 32. Qg5 Rxf3 33. Qxe5
Rf2+ 34. Rxf2 Rxf2+ 35. Kg1 dxe5 36. Rxd4 exd4 37. Kxf2 g5 38. hxg5 Kg6 39. Ke2
Kxg5 40. Kd3 b6 41. b4 a5 42. bxa5 bxa5 43. Ke2 Kf6 44. a4 Ke5 45. Kd3 h4 46.
gxh4 Kf4 47. h5 Kg5 48. e5 Kxh5 49. Ke4 Kg5 0-1

[Event "BL 0607 SF Katernberg - SK König-Tegel"]
[Site "?"]
[Date "2007.03.31"]
[Round "14.6"]
[White "Siebrecht, Sebastian"]
[Black "Von Herman, Ulf"]
[Result "1-0"]
[WhiteElo "2463"]
[BlackElo "2364"]
[PlyCount "73"]
[EventDate "2007.??.??"]

1. d4 d5 2. c4 c6 3. Nc3 Nf6 4. Nf3 a6 5. e3 b5 6. b3 Bg4 7. h3 Bxf3 8. gxf3
Nbd7 9. f4 e6 10. c5 a5 11. Bd3 g6 12. Bb2 Nh5 13. f5 exf5 14. Bxf5 Ndf6 15.
Bd3 Bh6 16. Qf3 O-O 17. O-O-O Ra7 18. Kb1 Re7 19. Rhg1 Kh8 20. a3 Rfe8 21. b4
Bg7 22. Rg5 Ne4 23. Bxe4 dxe4 24. Qe2 axb4 25. axb4 Ra7 26. Rxh5 gxh5 27. d5
Qf6 28. dxc6 Rea8 29. Rd4 Qg6 30. Qd2 h6 31. Nxb5 Qg1+ 32. Kc2 Ra2 33. Nc3
Rxb2+ 34. Kxb2 Kh7 35. c7 Bxd4 36. Qxd4 Qxf2+ 37. Kb3 1-0

[Event "BL 0607 SF Katernberg - SK König-Tegel"]
[Site "?"]
[Date "2007.03.31"]
[Round "14.7"]
[White "Pachow, Joerg"]
[Black "Souleidis, Georgios"]
[Result "0-1"]
[WhiteElo "2290"]
[BlackElo "2407"]
[PlyCount "118"]
[EventDate "2007.??.??"]

1. Nf3 Nf6 2. g3 g6 3. b3 Bg7 4. Bb2 c5 5. c4 d6 6. Bg2 e5 7. O-O O-O 8. d3 Nc6
9. Nc3 h6 10. Rb1 Be6 11. a3 d5 12. cxd5 Nxd5 13. Nd2 Nxc3 14. Bxc3 Qd7 15. Re1
Rac8 16. Nc4 Rfe8 17. Na5 Nxa5 18. Bxa5 Bd5 19. Bxd5 Qxd5 20. Bc3 h5 21. Qc1
Rc6 22. Bd2 e4 23. Qc4 Qf5 24. Be3 h4 25. Rbd1 Bf6 26. dxe4 Rxe4 27. Qd5 Re5
28. Qd3 hxg3 29. hxg3 Qh3 30. Bf4 Rh5 31. Qf3 Qh2+ 32. Kf1 Rb6 33. e4 Qh1+ 34.
Ke2 Qxf3+ 35. Kxf3 Rxb3+ 36. Kg4 Bd4 37. e5 Kg7 38. f3 Rxa3 39. Bg5 Rxg5+ 40.
Kxg5 Rxf3 41. Kg4 Rf5 42. e6 fxe6 43. Rxe6 Rf6 44. Re8 b5 45. Rb8 b4 46. Rh1
Rf7 47. Kg5 Be3+ 48. Kg4 Bd4 49. Kg5 Bf6+ 50. Kg4 Rc7 51. Kf4 a5 52. g4 a4 53.
g5 Bb2 54. Ke4 Rd7 55. Rhh8 a3 56. Rbg8+ Kf7 57. Rf8+ Ke7 58. Re8+ Kd6 59. Rhg8
Re7+ 0-1

[Event "BL 0607 SF Katernberg - SK König-Tegel"]
[Site "?"]
[Date "2007.03.31"]
[Round "14.8"]
[White "Scholz, Christian"]
[Black "Giemsa, Stephan"]
[Result "1/2-1/2"]
[WhiteElo "2382"]
[BlackElo "2276"]
[PlyCount "103"]
[EventDate "2007.??.??"]

1. e4 e6 2. d4 d5 3. Nd2 dxe4 4. Nxe4 Nd7 5. Nf3 Ngf6 6. Bg5 h6 7. Nxf6+ Nxf6
8. Bxf6 Qxf6 9. Bd3 Bd6 10. Qe2 O-O 11. Qe4 Qf5 12. Qxf5 exf5 13. O-O Re8 14.
Rfe1 Rxe1+ 15. Rxe1 Bd7 16. Kf1 Rd8 17. a3 g6 18. Ne5 Be8 19. Bc4 Kf8 20. c3 c5
21. Nf3 b5 22. Bb3 cxd4 23. Nxd4 a5 24. Rd1 Be7 25. Nf3 Rxd1+ 26. Bxd1 Bf6 27.
Nd4 b4 28. axb4 axb4 29. Ke2 bxc3 30. bxc3 Ke7 31. Kd3 Kd6 32. Bb3 Bd8 33. f4
Bb6 34. Nf3 f6 35. Nd4 Bc6 36. Bf7 Bxg2 37. Bxg6 Be4+ 38. Kc4 Bd5+ 39. Kd3 Be4+
40. Kd2 Bxd4 41. cxd4 Kd5 42. Ke3 Kd6 43. Bf7 Bb7 44. Bc4 Bc6 45. Be2 Bb7 46.
Bf3 Ba6 47. Kf2 Bd3 48. Bb7 Bb1 49. Ke3 Bc2 50. Ba6 Ba4 51. Bc8 Bc2 52. Ba6
1/2-1/2

[Event "BL 0607 SC Eppingen - Bindl-Aktionär"]
[Site "?"]
[Date "2007.03.31"]
[Round "14.2"]
[White "Postny, Evgeny"]
[Black "Baramidze, David"]
[Result "1/2-1/2"]
[WhiteElo "2609"]
[BlackElo "2585"]
[PlyCount "64"]
[EventDate "2007.??.??"]

1. d4 Nf6 2. c4 g6 3. Nc3 d5 4. cxd5 Nxd5 5. Bd2 Nb6 6. Bg5 Bg7 7. e3 h6 8. Bh4
c5 9. dxc5 Bxc3+ 10. bxc3 Qxd1+ 11. Rxd1 N6d7 12. Bb5 a6 13. Ba4 Nc6 14. Nf3
Nxc5 15. Bxc6+ bxc6 16. Nd4 a5 17. f3 Ba6 18. Nxc6 g5 19. Bg3 Nd3+ 20. Kd2 Nb2
21. Rb1 Nc4+ 22. Kc1 f6 23. e4 e5 24. Rd1 Rh7 25. Bf2 Rc7 26. Nb8 Bc8 27. Bb6
Rb7 28. Rd8+ Kf7 29. Ba7 Rc7 30. Bb6 Rb7 31. Ba7 Rc7 32. Bb6 Rb7 1/2-1/2

[Event "BL 0607 SC Eppingen - Bindl-Aktionär"]
[Site "?"]
[Date "2007.03.31"]
[Round "14.5"]
[White "Stohl, Igor Dr"]
[Black "Medvegy, Zoltan"]
[Result "1/2-1/2"]
[WhiteElo "2551"]
[BlackElo "2518"]
[PlyCount "49"]
[EventDate "2007.??.??"]

1. Nf3 Nf6 2. d4 e6 3. c4 b6 4. g3 Bb7 5. Bg2 Be7 6. O-O O-O 7. Nc3 Ne4 8. Qc2
Nxc3 9. Qxc3 c5 10. Rd1 cxd4 11. Qxd4 Bf6 12. Qd3 Na6 13. Be3 Nc5 14. Bxc5 bxc5
15. Qxd7 Qb6 16. Qb5 Bc6 17. Qxb6 axb6 18. Rd6 Bxf3 19. Bxf3 Rab8 20. Rad1 Rfd8
21. b3 Bd4 22. Rxd8+ Rxd8 23. Rb1 Bf6 24. a3 Rd2 25. Kf1 1/2-1/2

[Event "BL 0607 SC Eppingen - Bindl-Aktionär"]
[Site "?"]
[Date "2007.03.31"]
[Round "14.6"]
[White "Miltner, Arndt"]
[Black "Bezold, Michael"]
[Result "1/2-1/2"]
[WhiteElo "2376"]
[BlackElo "2535"]
[PlyCount "54"]
[EventDate "2007.??.??"]

1. d4 d6 2. Nf3 Bg4 3. e3 Nd7 4. Be2 Ngf6 5. O-O e5 6. c4 c6 7. Nc3 Be7 8. b4
O-O 9. a4 a5 10. Ba3 exd4 11. exd4 d5 12. b5 Bxa3 13. Rxa3 dxc4 14. bxc6 bxc6
15. Bxc4 Nb6 16. Be2 Re8 17. Qc1 Rc8 18. Rd1 Qd6 19. Ra2 Be6 20. Rb2 Nbd5 21.
Nxd5 Nxd5 22. h3 f6 23. Bf1 Rb8 24. Rc2 Nb4 25. Rc5 Ra8 26. Re1 Kh8 27. Re4 Bf7
1/2-1/2

[Event "BL 0607 SC Eppingen - Bindl-Aktionär"]
[Site "?"]
[Date "2007.03.31"]
[Round "14.7"]
[White "Markos, Jan"]
[Black "Vogt, Lothar"]
[Result "1-0"]
[WhiteElo "2538"]
[BlackElo "2479"]
[PlyCount "79"]
[EventDate "2007.??.??"]

1. d4 Nf6 2. c4 d6 3. Nc3 Nbd7 4. e4 e5 5. Nf3 g6 6. Be2 Bg7 7. O-O O-O 8. Qc2
c6 9. d5 c5 10. Bg5 h6 11. Bd2 Nh7 12. g3 Ng5 13. Nxg5 hxg5 14. Bg4 Nb6 15.
Bxc8 Rxc8 16. Nb5 a6 17. Na7 Ra8 18. Ba5 Rxa7 19. b4 cxb4 20. Rab1 Qc7 21. Rxb4
Qc5 22. Bxb6 Qxb4 23. Rb1 Qa3 24. Bxa7 b5 25. c5 Ra8 26. c6 Rxa7 27. c7 Rxc7
28. Qxc7 Qxa2 29. Rc1 Qd2 30. Qc2 Qd4 31. h3 Bf8 32. Qe2 Qa7 33. Rc8 Qd7 34.
Qc2 Qxh3 35. Qc6 b4 36. Rb8 Kg7 37. Qe8 Qh8 38. Rxb4 g4 39. Rb7 Qg8 40. Ra7 1-0

[Event "BL 0607 SC Eppingen - Bindl-Aktionär"]
[Site "?"]
[Date "2007.03.31"]
[Round "14.8"]
[White "Schulze, Ulrich"]
[Black "Wall, Gavin"]
[Result "1/2-1/2"]
[WhiteElo "2304"]
[BlackElo "2327"]
[PlyCount "46"]
[EventDate "2007.??.??"]

1. d4 f5 2. Nf3 Nf6 3. g3 g6 4. Bg2 Bg7 5. c4 O-O 6. O-O d6 7. Nc3 Qe8 8. Re1
Qf7 9. b3 Ne4 10. Bb2 Nc6 11. Rc1 h6 12. e3 e5 13. dxe5 Nxc3 14. Bxc3 dxe5 15.
Qc2 e4 16. Nd4 Ne5 17. Rcd1 Bd7 18. f4 Nd3 19. Qxd3 exd3 20. Bd5 c5 21. Bxf7+
Rxf7 22. Nb5 Bxb5 23. Bxg7 Bxc4 1/2-1/2

[Event "BL 0607 TV Tegernsee - SF Berlin"]
[Site "?"]
[Date "2007.03.31"]
[Round "14.1"]
[White "Miroshnichenko, Evgenij"]
[Black "Bu, Xiangzhi"]
[Result "1/2-1/2"]
[WhiteElo "2626"]
[BlackElo "2671"]
[PlyCount "131"]
[EventDate "2007.??.??"]

1. d4 d5 2. c4 c6 3. Nf3 Nf6 4. Qc2 dxc4 5. Qxc4 Bf5 6. g3 e6 7. Bg2 Nbd7 8.
O-O Be7 9. Nc3 O-O 10. Re1 Ne4 11. Qb3 Qb6 12. Nh4 Bb4 13. Nxf5 exf5 14. Bxe4
fxe4 15. Rd1 Rfe8 16. Be3 Nf6 17. d5 Bc5 18. Bxc5 Qxc5 19. Rac1 Qe7 20. dxc6
bxc6 21. Qc4 Rac8 22. Kg2 h5 23. Rd4 Qe5 24. Rcd1 c5 25. Rd6 Rb8 26. Rc6 Rb4
27. Qxc5 Qxc5 28. Rxc5 Rxb2 29. Rd4 Re7 30. h3 Kh7 31. e3 Kg6 32. a4 Re6 33.
Nb5 a6 34. Nd6 Rb6 35. Nc4 Rb7 36. a5 Rbe7 37. Kf1 Kh7 38. Ke2 g6 39. Kd2 Nd7
40. Rc7 Ne5 41. Rxe7 Rxe7 42. Kc3 Nc6 43. Rd5 Kg7 44. Rc5 Re6 45. Nd2 Kf8 46.
Nxe4 Nxa5 47. Rxa5 Rxe4 48. Rxa6 Re5 49. Kd3 Rb5 50. Ke4 Kg7 51. Rd6 Rb1 52.
Kf4 Rb2 53. f3 Rb3 54. h4 Kf8 55. e4 Ke7 56. Ra6 Rb1 57. Ra7+ Ke6 58. Ra6+ Ke7
59. Ra3 Kf6 60. e5+ Kg7 61. Ra7 Rb4+ 62. Ke3 Rb3+ 63. Ke4 Rb4+ 64. Kd5 Rb5+ 65.
Kd6 Rb3 66. e6 1/2-1/2

[Event "BL 0607 TV Tegernsee - SF Berlin"]
[Site "?"]
[Date "2007.03.31"]
[Round "14.3"]
[White "Thiede, Lars"]
[Black "Khenkin, Igor"]
[Result "0-1"]
[WhiteElo "2504"]
[BlackElo "2620"]
[PlyCount "66"]
[EventDate "2007.??.??"]

1. g3 d5 2. c4 c6 3. Bg2 Nf6 4. Nf3 dxc4 5. O-O Nbd7 6. Qc2 Nb6 7. a4 a5 8. Na3
Qd5 9. Ne1 Qf5 10. e4 Qh5 11. Nxc4 Nxc4 12. Qxc4 e5 13. Nd3 Bd6 14. Qc3 O-O 15.
f4 Bh3 16. Bxh3 Qxh3 17. Nf2 Qh5 18. fxe5 Bb4 19. Qc4 Qxe5 20. d4 Qh5 21. Bf4
Rae8 22. Be5 Ng4 23. Nxg4 Qxg4 24. Rf4 Qe6 25. Qxe6 Rxe6 26. Rg4 f6 27. Bc7
Rfe8 28. e5 R6e7 29. Bd6 Bxd6 30. exd6 Rd7 31. b4 Rxd6 32. bxa5 Rd5 33. Rb1 g5
0-1

[Event "BL 0607 TV Tegernsee - SF Berlin"]
[Site "?"]
[Date "2007.03.31"]
[Round "14.6"]
[White "Kindermann, Stefan"]
[Black "Schneider, Ilja"]
[Result "0-1"]
[WhiteElo "2532"]
[BlackElo "2368"]
[PlyCount "64"]
[EventDate "2007.??.??"]

1. e4 e5 2. Nf3 d6 3. d4 exd4 4. Qxd4 Nf6 5. Nc3 Be7 6. Bg5 O-O 7. O-O-O Nc6 8.
Qd2 Be6 9. h4 a6 10. Kb1 Re8 11. Bd3 Ne5 12. Nxe5 dxe5 13. f4 exf4 14. Qxf4 Bd6
15. Qf1 Be5 16. Nd5 Bxd5 17. exd5 Qd6 18. h5 Bxb2 19. Kxb2 Qe5+ 20. Kb1 Qxg5
21. Rh3 Re3 22. Rxe3 Qxe3 23. Qf5 Re8 24. Rf1 h6 25. a3 Qe5 26. Bc4 Qxf5 27.
Rxf5 Re4 28. Bb3 Rg4 29. Rf2 Ne4 30. Rxf7 Kxf7 31. d6+ Ke8 32. dxc7 Nd6 0-1

[Event "BL 0607 TV Tegernsee - SF Berlin"]
[Site "?"]
[Date "2007.03.31"]
[Round "14.7"]
[White "Thinius, Marco"]
[Black "Teske, Henrik"]
[Result "0-1"]
[WhiteElo "2372"]
[BlackElo "2514"]
[PlyCount "42"]
[EventDate "2007.??.??"]

1. e4 e6 2. d4 d5 3. Nc3 Bb4 4. e5 c5 5. a3 Ba5 6. b4 cxd4 7. Qg4 Kf8 8. bxa5
dxc3 9. a4 Nc6 10. Ba3+ Nge7 11. Nf3 Bd7 12. h4 h5 13. Qf4 Kg8 14. Bd3 Rc8 15.
Ng5 Nf5 16. a6 bxa6 17. Bxa6 Ncd4 18. Bxc8 Qxc8 19. Kd1 Qc4 20. Re1 Bxa4 21.
Rc1 Qd3+ 0-1

[Event "BL 0607 SC Bann - Hamburger SK"]
[Site "?"]
[Date "2007.03.31"]
[Round "14.1"]
[White "Wojtaszek, Radoslav"]
[Black "Laznicka, Viktor"]
[Result "1-0"]
[WhiteElo "2630"]
[BlackElo "2596"]
[PlyCount "75"]
[EventDate "2007.??.??"]

1. d4 d5 2. c4 c6 3. Nf3 Nf6 4. Nc3 a6 5. c5 Nbd7 6. Bf4 Nh5 7. Bd2 Nhf6 8. Rc1
g6 9. h3 Bg7 10. Bf4 Ne4 11. e3 Nxc3 12. bxc3 Qa5 13. Qc2 e5 14. Bh2 exd4 15.
exd4 O-O 16. Be2 b6 17. cxb6 Nxb6 18. O-O Bf5 19. Qb3 Rfe8 20. Rfe1 Bh6 21. Ra1
Na4 22. c4 Nc3 23. Bf1 Ne4 24. Qb7 Qc3 25. Qxc6 Qb2 26. Bg3 Rac8 27. Qa4 Nxg3
28. Rxe8+ Kg7 29. Rae1 Rxe8 30. Qxe8 Nxf1 31. Qe5+ Kg8 32. Kxf1 dxc4 33. Qd6
Kg7 34. g4 Bd3+ 35. Kg2 Bd2 36. Qe5+ Kg8 37. Qe8+ Kg7 38. Re7 1-0

[Event "BL 0607 SC Bann - Hamburger SK"]
[Site "?"]
[Date "2007.03.31"]
[Round "14.3"]
[White "Ftacnik, Lubomir"]
[Black "Cvek, Robert"]
[Result "1/2-1/2"]
[WhiteElo "2580"]
[BlackElo "2512"]
[PlyCount "64"]
[EventDate "2007.??.??"]

1. d4 Nf6 2. Nf3 e6 3. c4 b6 4. g3 Ba6 5. b3 Bb7 6. Bg2 Bb4+ 7. Bd2 a5 8. O-O
O-O 9. Nc3 h6 10. Qc2 Re8 11. Rfe1 Bxc3 12. Bxc3 Be4 13. Qc1 d5 14. Bf1 Nbd7
15. Nd2 Bg6 16. Bg2 a4 17. f3 c5 18. cxd5 exd5 19. Bh3 Qe7 20. e3 Qd6 21. Bf1
cxd4 22. exd4 Rec8 23. Re3 Nf8 24. bxa4 Rxa4 25. Bb5 Ra7 26. a4 Re7 27. Rxe7
Qxe7 28. Nb3 Ne6 29. Qe3 Qd6 30. Nc1 h5 31. Ne2 Nc7 32. Nf4 Nxb5 1/2-1/2